25 Deutsche Städte - Beinamen oder Zusatzbezeichnungen - Statistiken

Allgemein
  • Dieses Quiz wurde 132 mal gespielt
  • Das Durchschnittsergebnis liegt bei 10 aus 25
Antwortstatistiken
Hinweis Antwort % Korrekt
Autostadt Wolfsburg
90%
Fuggerstadt Augsburg
85%
Bundesstadt Bonn
76%
Marzipanstadt Lübeck
69%
Dreiflüssestadt Passau
63%
Wagnerstadt Bayreuth
58%
Wartburgstadt Eisenach
57%
Quadratestadt Mannheim
54%
documenta-Stadt Kassel
53%
Klingenstadt Solingen
53%
Kaiserstadt Aachen
51%
Zeppelinstadt Friedrichshafen
47%
Löwenstadt Braunschweig
40%
Fächerstadt Karlsruhe
37%
Nibelungenstadt Worms
30%
Brüder-Grimm-Stadt Hanau
23%
Bierstadt Dortmund
20%
Friedensstadt Osnabrück
20%
Goldstadt Pforzheim
19%
Schillerstadt Marbach
18%
Barockstadt Fulda
17%
Kleiststadt Frankfurt (Oder)
9%
Lichtstadt Jena
4%
Zweiburgenstadt Weinheim
4%
Kolpingstadt Kerpen
3%
Keine übereinstimmenden Quizze gefunden
Verteilung der Resultate
Anzahl Personen mit jedem Resultat
Perzentil nach korrekt beantworteten Fragen
Ihre Resultats-Entwicklung
Sie haben dieses Quiz noch nicht gespielt